00318nam a2200121Ia 4500008004100000100001600041245004300057260003800100300001000138650002300148942000800171999001700179190216s9999||||xx |||||||||||||| ||und|| aSubburaj Vk 0aCivil Services Preliminary Examination bSura College Of Competitionc1985 a1119p aCivil Service Exam cREF c35574d35574